000 00453nam a2200157 i 4500
001 79773
003 ES-MaACL
005 20230906174041.0
007 t|
008 041025s1963 sp ||||1| spa d
100 1 _aHerrero Alvarado, Antonio.
_963292
245 1 0 _aTraspaso maternal
_b: novela /
_cAntonio Herrero Alvarado.
260 _aMadrid :
_b[s.n.],
_c1963 (
_fImp. GVM)
300 _a103 p., 3 lám. col. ;
_c24 cm.
852 _aES-MaACL
_jC-22706
999 _c79773
_d79773